| 000 | 00717nam a22001577a 4500 | ||
|---|---|---|---|
| 003 | OSt | ||
| 005 | 20150920095753.0 | ||
| 008 | 150920b xxu||||| |||| 00| 0 eng d | ||
| 040 | _cRUA | ||
| 082 | _aAGR IM 2008 B037 Or.1 | ||
| 100 |
_9912 _aIM, LADOEUM. |
||
| 245 | _ascreening for other new rice varieties resist ance to brown planthopper at cardi's glasshouse ( ពិសោធន៍តាមដានរកពូជស្រូវថ្មីៗទៀតដែលធន់ទៅនឹងការបំផ្លាញរបស់មមាចត្នោត ក្នុងលក្ខខណ្ឌផ្ទះកញ្ចក់) | ||
| 260 |
_aPhnom Penh _bRUA _c2008 |
||
| 300 |
_a55p. _bill. _c29cm. |
||
| 942 |
_2ddc _cAGR |
||
| 999 |
_c879 _d879 |
||